| 000 | 00528nam a22001577a 4500 | ||
|---|---|---|---|
| 008 | 230418b |||||||| |||| 00| 0 eng d | ||
| 040 |
_aNational Science Library _cNational Science Library |
||
| 080 |
_a341.16:63(042.5) _bL6 |
||
| 100 |
_aBoerma, Addeke H _96716 |
||
| 245 |
_aRight to food: _bA selection from speeches |
||
| 260 |
_aRome: _bFood and Agriculture organization of the United Nations, _c1976 |
||
| 300 | _a177p. | ||
| 650 | _aWorld food situation | ||
| 653 | _aSocial development issue | ||
| 942 |
_2udc _cBK |
||
| 999 |
_c20465 _d20465 |
||